Transforming disability into ability policies to promote work and income security for disabled people
Enregistré dans:
| Format: | Livre |
|---|---|
| Langue: | anglais |
| Publié: |
Paris
OECD
2003
|
| Sujets: | |
| Tags: |
Pas de tags, Soyez le premier à ajouter un tag!
|
MARC
| LEADER | 00000nam a2200000 4500 | ||
|---|---|---|---|
| 001 | c143220 | ||
| 005 | 20221124084828.8 | ||
| 020 | |a 92-64-19887-3 | ||
| 041 | 0 | |a eng | |
| 044 | |a FR | ||
| 245 | 1 | 0 | |a Transforming disability into ability |b policies to promote work and income security for disabled people |
| 264 | 1 | |a Paris |b OECD |c 2003 | |
| 300 | |a 219 s. | ||
| 610 | 2 | 0 | |a invalidita |
| 610 | 2 | 0 | |a chorobnosť |
| 610 | 2 | 0 | |a príjmy |
| 610 | 2 | 0 | |a práca invalidov |
| 610 | 2 | 0 | |a ochrana práv občanov |
| 610 | 2 | 0 | |a údaje štatistické |
| 610 | 2 | 0 | |a porovnanie medzinárodné |
| 610 | 2 | 0 | |a svet |
| 610 | 2 | 0 | |a OECD |